Getting started in currency trading
Gespeichert in:
| 1. Verfasser: | |
|---|---|
| Format: | Buch |
| Sprache: | Englisch |
| Veröffentlicht: |
Hoboken
John Wiley & Sons, Inc.
2012
|
| Ausgabe: | 4th ed. |
| Schriftenreihe: | Getting started in
|
| Schlagworte: | |
| Tags: |
Keine Tags, Fügen Sie das erste Tag hinzu!
|
MARC
| LEADER | 00000nam a2200000 4500 | ||
|---|---|---|---|
| 001 | 0160312 | ||
| 005 | 20240313132920.7 | ||
| 020 | |a 978-1-118-25165-2 | ||
| 041 | 0 | |a eng | |
| 044 | |a US | ||
| 245 | 1 | 0 | |a Getting started in currency trading |c Michael Duane Archer |
| 250 | |a 4th ed. | ||
| 264 | 1 | |a Hoboken |b John Wiley & Sons, Inc. |c 2012 | |
| 300 | |a xxvii, 420 s. | ||
| 490 | 1 | |a Getting started in | |
| 830 | 0 | |a Getting started in | |
| 610 | 2 | 0 | |a trh menový |
| 610 | 2 | 0 | |a trh devízový |
| 610 | 2 | 0 | |a trh finančný medzinárodný |
| 610 | 2 | 0 | |a analýza trhu |
| 610 | 2 | 0 | |a makléri |
| 610 | 2 | 0 | |a analýza technická |
| 610 | 2 | 0 | |a FOREX |
| 100 | 1 | |a Archer, Michael Duane | |